000 00756nam a22002417a 4500
003 OSt
005 20231101154002.0
008 221006b |||||||| |||| 00| 0 eng d
020 _a978 930 9652 0 7
040 _cBiblioteca Lado V
082 _a707
_bC397d
110 _91189
_aCasa Caníbal
245 _aEl detalle/
260 _aCosta Rica
_c2018
_bCentro Cultural España
300 _a72 p.
_c26 x20 cm
366 _efre
366 _eeng
650 _2Tesauro de Arte & Arquitectura
_aARTE
_9703
650 _2Tesauro de Arte & Arquitectura
_aCURADURÍA
650 _2Tesauro de Arte & Arquitectura
_aMANEJO DE COLECCIONES
_9703
650 _2Tesauro de Arte & Arquitectura
_aEDUCACIÓN
942 _2ddc
_c1
_h707
_iC397d
_n0
999 _c4528
_d4528